Forensic Evidence and the Police, 1976-1980

This data collection focuses on adult cases of serious crime such as homicide (and related death investigations), rape, robbery, aggravated assault/battery, burglary, and arson. Data are included for Peoria, Illinois, Chicago, Illinois, Kansas City, Missouri, and Oakland, California. The data consis...

Ausführliche Beschreibung

Gespeichert in:  
Bibliographische Detailangaben
1. VerfasserIn: Peterson, Joseph L. (Verfasst von)
Beteiligte: Gilliland, Michael (Mitwirkung) ; Mihajlovic, Steve (Mitwirkung)
Medienart: Elektronisch Forschungsdaten
Sprache:Englisch
Veröffentlicht: [Erscheinungsort nicht ermittelbar] [Verlag nicht ermittelbar] 1985
In:Jahr: 1985
Online-Zugang: Volltext (kostenfrei)
Verfügbarkeit prüfen: HBZ Gateway
Schlagwörter:

MARC

LEADER 00000cam a22000002c 4500
001 1840062193
003 DE-627
005 20250704232021.0
007 cr uuu---uuuuu
008 230324s1985 xx |||||o 00| ||eng c
024 7 |a 10.3886/ICPSR08186.v1  |2 doi 
035 |a (DE-627)1840062193 
035 |a (DE-599)KXP1840062193 
040 |a DE-627  |b ger  |c DE-627  |e rda 
041 |a eng 
084 |a 2,1  |2 ssgn 
100 1 |a Peterson, Joseph L.  |e VerfasserIn  |4 aut 
245 1 0 |a Forensic Evidence and the Police, 1976-1980 
264 1 |a [Erscheinungsort nicht ermittelbar]  |b [Verlag nicht ermittelbar]  |c 1985 
336 |a Text  |b txt  |2 rdacontent 
337 |a Computermedien  |b c  |2 rdamedia 
338 |a Online-Ressource  |b cr  |2 rdacarrier 
520 |a This data collection focuses on adult cases of serious crime such as homicide (and related death investigations), rape, robbery, aggravated assault/battery, burglary, and arson. Data are included for Peoria, Illinois, Chicago, Illinois, Kansas City, Missouri, and Oakland, California. The data consist of police, court, and laboratory records from reports submitted by police personnel during investigations of suspected criminal offenses. The primary source of information was police case files. Prosecutor and court files were reviewed for information regarding the disposition of suspects who were arrested and formally charged. Crime laboratory reports include information concerning the evidence submitted and the examiner's worksheets, notes, and final results. There are eight files in this dataset. Each of the four cities has one file for cases with physical evidence and one file for cases in which physical evidence was not collected or examined. 
540 |a ICPSR Terms of Use 
650 4 |a Arrests 
650 4 |a Assault 
650 4 |a Burglary 
650 4 |a convictions (law) 
650 4 |a Crime 
650 4 |a crime laboratories 
650 4 |a Crime Prevention 
650 4 |a Criminal investigations 
650 4 |a disposition (legal) 
650 4 |a Evidence 
650 4 |a forensic sciences 
650 4 |a Murder 
650 4 |a police records 
650 4 |a Rape 
650 4 |a Robbery 
650 4 |a Sentencing 
655 7 |a Forschungsdaten  |0 (DE-588)1098579690  |0 (DE-627)857755366  |0 (DE-576)469182156  |2 gnd-content 
700 1 |a Gilliland, Michael  |e MitwirkendeR  |4 ctb 
700 1 |a Mihajlovic, Steve  |e MitwirkendeR  |4 ctb 
787 0 8 |i Forschungsdaten zu  |a Gerber, Samuel, 1920 - 2006  |t Chemistry and Crime: From Sherlock Holmes to Today's Courtroom  |d [Erscheinungsort nicht ermittelbar] : American Chemical Society, 1983  |w (DE-627)1912476819 
787 0 8 |i Forschungsdaten zu  |a Peterson, J.  |t Does the Crime Laboratory Have the Answers? Four Cities Compared  |d The American Chemical Society, 1983  |w (DE-627)191251799X 
787 0 8 |i Forschungsdaten zu  |a Bushway, Shawn  |t Estimating empirical blackstone ratios in two settings: Murder cases and hiring  |d 2010  |w (DE-627)1912540568 
787 0 8 |i Forschungsdaten zu  |a Peterson, J.  |t Forensic Evidence and the Police: The Effects of Scientific Evidence on Criminal Investigation  |d [Erscheinungsort nicht ermittelbar] : United States Department of Justice, National Institute of Justice, 1984  |w (DE-627)1912561468 
787 0 8 |i Forschungsdaten zu  |a Peterson, Joseph L.  |t Forensic Evidence and the Police: The Effects of Scientific Evidence on Criminal Investigations  |d 1983  |w (DE-627)1912561476 
787 0 8 |i Forschungsdaten zu  |a Peterson, Joseph L.  |t Forensic Science and the Courts: The Uses and Effects of Scientific Evidence in Criminal Case Processing, Final Report  |d [Erscheinungsort nicht ermittelbar] : United States Department of Justice, National Institute of Justice, 1986  |w (DE-627)1912561573 
787 0 8 |i Forschungsdaten zu  |a Cole, Simon A., 1967 -   |t More than zero: Accounting for error in latent fingerprint identification  |d 2005  |w (DE-627)1912626284 
787 0 8 |i Forschungsdaten zu  |a Peterson, J.  |t The Role of Scientific Evidence in the Prosecution of Criminal Cases: A Discussion of Recent Empirical Findings  |d Law and Society Association, 1982  |w (DE-627)1912693232 
856 4 0 |u https://doi.org/10.3886/ICPSR08186.v1  |x Resolving-System  |z kostenfrei  |3 Volltext  |7 0 
935 |a mkri 
951 |a BO 
ELC |a 1 
LOK |0 000 xxxxxcx a22 zn 4500 
LOK |0 001 4296809849 
LOK |0 003 DE-627 
LOK |0 004 1840062193 
LOK |0 005 20230324125313 
LOK |0 008 230324||||||||||||||||ger||||||| 
LOK |0 035   |a (DE-2619)ICPSR8186 
LOK |0 040   |a DE-2619  |c DE-627  |d DE-2619 
LOK |0 092   |o n 
LOK |0 852   |a DE-2619 
LOK |0 852 1  |9 00 
LOK |0 935   |a foda  |a nacj 
LOK |0 939   |a 24-03-23  |b l01 
OAS |a 1 
ORI |a SA-MARC-krimdoka001.raw